Countries with blue in their flag quiz - Statistics

General Stats
  • This quiz has been taken 59 times
    49 since last reset
  • The average score is 76 of 106
Answers on the Map
Answers color-coded by a green-red scale on the quiz's map according to % correct below.
 
Answer Stats
Answer % Correct
United States
100%
Russia
94%
United kingdom
92%
United Kingdom
92%
Finland
89%
France
89%
Sweden
89%
Australia
86%
Dominican Republic
86%
Norway
86%
Uruguay
86%
Argentina
83%
Brazil
83%
Chad
83%
Cuba
83%
Iceland
83%
Paraguay
83%
Romania
83%
Slovakia
83%
Slovenia
83%
Chile
81%
Costa Rica
81%
Estonia
81%
Kazakhstan
81%
New Zealand
81%
Serbia
81%
Czech Republic
78%
Greece
78%
Guatemala
78%
Honduras
78%
Mongolia
78%
Nicaragua
78%
Panama
78%
South Korea
78%
Ukraine
78%
Venezuela
78%
Bahamas
75%
Bosnia and Herzegovina
75%
Cambodia
75%
Colombia
75%
Croatia
75%
Haiti
75%
Malaysia
75%
North Korea
75%
Somalia
75%
South Africa
75%
Thailand
75%
DRC
72%
Ecuador
72%
Israel
72%
Laos
72%
Moldova
72%
Philippines
72%
Cape Verde
69%
El Salvador
69%
Ethiopia
69%
Fiji
69%
Gambia
69%
Namibia
69%
Netherlands
69%
San Marino
69%
Belize
67%
Centralafrican Republic
67%
Eritrea
67%
Kiribati
67%
Kosovo
67%
Luxembourg
67%
Mauritius
67%
Nepal
67%
Palau
67%
Barbados
64%
Djibouti
64%
Gabon
64%
Lesotho
64%
Liberia
64%
Micronesia
64%
Nauru
64%
Portugal
64%
Seychelles
64%
Taiwan
64%
Uzbekistan
64%
Armenia
61%
Eswatini
61%
India
61%
Liechtenstein
61%
Marshall Islands
61%
Saint Lucia
61%
Samoa
61%
Solomon Islands
61%
South Sudan
61%
Tanzania
61%
Andorra
58%
Botswana
58%
Comoros
58%
Sierra Leone
58%
Rwanda
56%
Spain
56%
Tuvalu
56%
Antigua and Barbuda
53%
Azerbaijan
53%
Mexico
53%
Equatorial guinea
50%
Saint Vincent and the Granedines
0%
No matching quizzes found
Score Distribution
Percent of People with Each Score
Percentile by Number Answered
Your Score History
You have not taken this quiz since the last reset